| 000 | 00587nam a2200229Ia 4500 | ||
|---|---|---|---|
| 005 | 20250425162028.0 | ||
| 008 | 250425s9999 xx 000 0 und d | ||
| 020 | _a9688806447 | ||
| 041 | _aspa | ||
| 082 | _a657.42 | ||
| 100 | _aHORNGREN, CHARLES T. | ||
| 245 | 0 | _aBIBLIOTECA DE CONTABILIDAD DE COSTOS: UN ENFOQUE GERENCIAL | |
| 250 | _a6A ED. | ||
| 260 | _aMEXICO | ||
| 260 |
_aMéxico _bPRENTICE-HALL HISPANOAMERICANA _c1996 |
||
| 300 | _a700 | ||
| 650 | _aCONTABILIDAD DE COSTOS | ||
| 650 | _aCOSTOS | ||
| 650 | _aTOMA DE DECISIONES | ||
| 942 | _c01 | ||
| 010 | _a41305 | ||
| 999 |
_c220935 _d220935 |
||